000 01644cam a2200325 i 4500
003 SA-RiAUC
005 20250915123632.0
008 250909s1988 su g 00000 ara c
020 _a9960355276
040 _aSA-JeALM
_bara
_cSA-RiAUC
_erda
050 4 _b.I26 1988
082 0 4 _a210
_qSA-RiAUC
090 _a210
_b ا ب ن ت
100 1 _aابن تيمية، أحمد بن عبد الحليم بن عبد السلام،
_d661-728 هجري
_eمؤلف.
245 1 2 _aالكلام على حقيقة الإسلام والإيمان /
_cتأليف تقي الدين أبي العباس أحمد بن عبد الحليم بن عبد السلام بن تيمية الحراني الدمشقي ؛ تحقيق وضبط ومراجعة محمود حسن أبو ناجي الشيباني.
250 _aالطبعة الأولى.
264 1 _aالرياض :
_bشركة العبيكان للطباعة والنشر،
_c1988
300 _a438 صفحة ؛
_c24 سم.
336 _aنص
_btxt
_2rdacontent
_3كتاب
337 _aبدون وسيط
_bn
_2rdamedia
338 _aمجلد
_bnc
_2rdacarrier
490 0 _aمن تراثنا الخالد ؛
_v9
650 7 _aعلم الكلام
_2aucsh
650 7 _aالإيمان (إسلام)
_2aucsh
650 7 _aالإسلام
_2aucsh
700 1 _aالشيباني، محمود حسن عبد ربه،
_d1942-
_eمحقق.
700 1 2 _iتحقيق لـ :
_aابن تيمية، أحمد بن عبد الحليم بن عبد السلام،
_d661-728 هجري.
_tالكلام على حقيقة الإسلام والإيمان
942 _2ddc
_cBOOK
_n0
949 _aSA-JeALM
_d250909
_uosman123
_n1
999 _c11776
_d11776